| 000 | 00635 a2200181 4500 | ||
|---|---|---|---|
| 003 | NUST | ||
| 005 | 20221117165541.0 | ||
| 010 | _a70100881 | ||
| 040 | _cNust | ||
| 082 | _a515,RIC | ||
| 100 |
_aRichmond, Donald E. _9102960 |
||
| 245 |
_aCalculus: _ba short course / _cDonald E. Richmond |
||
| 260 |
_aLondon _bAddison Wesley _c1970 |
||
| 300 | _a340p . | ||
| 505 | _aFunctions and Graphs (Page-1), Derivatives (Page-32), The Area Under a Curve (Page-94), Exponential s and Logarithms (Page-125), Complex Numbers and Trigonometry (Page-157), Appendix on Real Numbers (Page-209). | ||
| 650 | _aCalculus | ||
| 942 |
_2ddc _cBK _k515,RIC |
||
| 999 |
_c193400 _d193400 |
||